• 首页
  • 本馆介绍
  • 公告通知
  • 最新文献
  • 馆藏检索
  • 电子资源
  • 读者导购
  • 参考咨询
  • 我的图书馆
  • 登录
  • 详细信息显示
  • 放入我的书架
  • 预约/预借图书
  • 作者相关作品
  • 分类相关作品
  • 丛书相关作品
  • 出版社相关作品

书目信息

  • 表格格式
  • 工作单格式
  • 卡片格式
题名:
我的童年受伤了
    
 
作者: 布洛迪 著 ;王立涛 , 余萍 译
分册:  
出版信息: 北京   世界图书出版公司北京公司  2014
页数: 22,226页
开本: 23cm
丛书名:
单 册:
中图分类: C913.11
科图分类:
主题词: 家庭关系 , 幼儿心理学
电子资源:
ISBN: 978-7-5100-8597-0
000 01072nam0 2200265 450
001 431
005 20180520214108.61
010    @a978-7-5100-8597-0@dCNY38.00
100    @a20150107d2014 em y0chiy50 ea
101 1  @achi@ceng
102    @aCN@b110000
105    @aa z 000yy
200 1  @a我的童年受伤了@9wo de tong nian shou shang le@dBeginning to grow: five studies@e婴儿全能感与童年冲突@f(美)西尔维娅·布洛迪著@g王立涛,余萍译@zeng
210    @a北京@c世界图书出版公司北京公司@d2014
215    @a22,226页@c照片,图@d23cm
330    @a本书详细、完整地记录了儿童前七年的生活项目,包括儿童观察、心理测试、校访、教师访谈和不定期家访,以及18岁时的回访。通过这些细节的呈现,作者考察了儿童不同生活路径的源头,以及什么对他们的影响最为深远。
510 1  @aBeginning to grow: five studies@zeng
606 0  @a家庭关系
606 0  @a幼儿心理学
690    @aC913.11@v5
701  0 @c(美)@a布洛迪@9bu luo di@c(Brody, Sylvia@f1914-)@4著
702  0 @a王立涛@9wang li tao@4译
702  0 @a余萍@9yu ping@4译
801  0 @aCN@b91MARC@c20150107
905    @aMuseLib@dC913.11@e1312
    
    我的童年受伤了=Beginning to grow: five studies:婴儿全能感与童年冲突/(美)西尔维娅·布洛迪著/王立涛,余萍译.-北京:世界图书出版公司北京公司,2014
    22,226页:照片,图;23cm
    
    
    ISBN 978-7-5100-8597-0:CNY38.00
    本书详细、完整地记录了儿童前七年的生活项目,包括儿童观察、心理测试、校访、教师访谈和不定期家访,以及18岁时的回访。通过这些细节的呈现,作者考察了儿童不同生活路径的源头,以及什么对他们的影响最为深远。
●
相关链接 在E读中查询图书 在五车中查询图书 在当当中查询图书 在豆瓣中查询图书


正题名:我的童年受伤了     索取号:C913.11/1312         预约/预借

序号 登录号 条形码 馆藏地/架位号 状态 备注
1 1102524   211025246   第一样本阅览室/ [索取号:C913.11/1312] 在馆    
2 1102525   211025255   教育系资料室/ [索取号:C913.11/1312] 在馆    
3 1102526   211025264   教育系资料室/ [索取号:C913.11/1312] 在馆    
4 1102527   211025273   教育系资料室/ [索取号:C913.11/1312] 在馆    
5 1102528   211025282   第一借阅区/ [索取号:C913.11/1312] 在馆    
6 1102529   211025291   第一借阅区/ [索取号:C913.11/1312] 在馆    
唐山师范学院图书馆 欢迎您!
大连网信软件有限公司© 版权所有